The God chasers : (Record no. 3343)
[ view plain ]
| 000 -LEADER | |
|---|---|
| fixed length control field | 02107cam a2200349 a 4500 |
| 001 - CONTROL NUMBER | |
| control field | 47779819 |
| 003 - CONTROL NUMBER IDENTIFIER | |
| control field | OCoLC |
| 005 - DATE AND TIME OF LATEST TRANSACTION | |
| control field | 20181108170900.0 |
| 008 - FIXED-LENGTH DATA ELEMENTS--GENERAL INFORMATION | |
| fixed length control field | 000304s1998 pau b 000 0 eng |
| 010 ## - LIBRARY OF CONGRESS CONTROL NUMBER | |
| LC control number | 00551168 |
| 020 ## - INTERNATIONAL STANDARD BOOK NUMBER | |
| International Standard Book Number | 0768420164 |
| 020 ## - INTERNATIONAL STANDARD BOOK NUMBER | |
| International Standard Book Number | 9780768420166 |
| 035 ## - SYSTEM CONTROL NUMBER | |
| System control number | (OCoLC)47779819 |
| 040 ## - CATALOGING SOURCE | |
| Original cataloging agency | DLC |
| Language of cataloging | eng |
| Transcribing agency | DLC |
| Modifying agency | CMI |
| -- | BAKER |
| -- | BTCTA |
| -- | YDXCP |
| -- | SINLB |
| -- | OKM |
| -- | BDX |
| -- | SGB |
| -- | ZID |
| -- | OCLCF |
| -- | I8M |
| 042 ## - AUTHENTICATION CODE | |
| Authentication code | pcc |
| 050 00 - LIBRARY OF CONGRESS CALL NUMBER | |
| Classification number | BT98 |
| Item number | .T45 1998 |
| 082 04 - DEWEY DECIMAL CLASSIFICATION NUMBER | |
| Classification number | 239 |
| Item number | T298g |
| 100 1# - MAIN ENTRY--PERSONAL NAME | |
| Personal name | Tenney, Tommy, |
| Dates associated with a name | 1956- |
| 245 14 - TITLE STATEMENT | |
| Title | The God chasers : |
| Remainder of title | my soul follows hard after Thee / |
| Statement of responsibility, etc. | Tommy Tenney |
| 260 ## - PUBLICATION, DISTRIBUTION, ETC. | |
| Place of publication, distribution, etc. | Shippensburg, PA : |
| Name of publisher, distributor, etc. | Destiny Image, |
| Date of publication, distribution, etc. | c1998 |
| 300 ## - PHYSICAL DESCRIPTION | |
| Extent | 152 p. ; |
| Dimensions | 23 cm |
| 336 ## - CONTENT TYPE | |
| Content type term | text |
| Content type code | txt |
| Source | rdacontent |
| 337 ## - MEDIA TYPE | |
| Media type term | unmediated |
| Media type code | n |
| Source | rdamedia |
| 338 ## - CARRIER TYPE | |
| Carrier type term | volume |
| Carrier type code | nc |
| Source | rdacarrier |
| 504 ## - BIBLIOGRAPHY, ETC. NOTE | |
| Bibliography, etc. note | Includes bibliographical references |
| 505 0# - FORMATTED CONTENTS NOTE | |
| Formatted contents note | The day I almost caught Him: running hard after God, Ps. 63:8 -- No bread in the "House of Bread": crumbs in the carpet and empty shelves -- There's got to be more: rediscovering the manifest presence of God -- Dead men see His face; the secret path to His presence -- Do we run away or go in?: a chance to meet the one you always knew was there -- how to handle the holy: moving from anointing to glory -- He's done it before; He can do it again: send the rain, Lord! -- Purpose of His presence: divine radiation zones-presence evangelism -- Dismantle your glory: the burial of man's glory is the birth of God's glory -- Moses' 1500-year pursuit of God's glory: you can't seek His face and save your "face." |
| 520 ## - SUMMARY, ETC. | |
| Summary, etc. | What is a God chaser? A God chaser is an individual whose hunger exceeds his reach. A God chaser is a person whose passion for God's presence presses him to chase the impossible in hopes that the uncatchable might catch him. A child chases a loving parent until, suddenly, the strong arms of the father enfold the chaser. The pursuer becomes the captive; the pursued the captor. -- Back Cover |
| 650 #0 - SUBJECT ADDED ENTRY--TOPICAL TERM | |
| Topical term or geographic name entry element | God (Christianity) |
| General subdivision | Knowableness |
| 650 #0 - SUBJECT ADDED ENTRY--TOPICAL TERM | |
| Topical term or geographic name entry element | Spirituality |
| 650 #4 - SUBJECT ADDED ENTRY--TOPICAL TERM | |
| Topical term or geographic name entry element | Apologética |
| 942 ## - ADDED ENTRY ELEMENTS (KOHA) | |
| Source of classification or shelving scheme | Dewey Decimal Classification |
| Koha item type | Books |
| Withdrawn status | Lost status | Source of classification or shelving scheme | Damaged status | Not for loan | Collection code | Home library | Current library | Shelving location | Date acquired | Cost, normal purchase price | Total Checkouts | Full call number | Barcode | Date last seen | Price effective from | Koha item type |
|---|---|---|---|---|---|---|---|---|---|---|---|---|---|---|---|---|
| Dewey Decimal Classification | Non-fiction | Harvest Mission College | Harvest Mission College | General Stacks | 08.11.2018 | 100.00 | 239 T298g | 003917 | 08.11.2018 | 08.11.2018 | Books |
